000 00486nam a2200157 i 4500
001 70044
003 ES-MaACL
007 t|
008 040715s1922 sp ||||1| spa d
100 1 _aGarcía Miranda, Manuel
_954957
245 1 0 _aEnsayo de un curso de iniciación geográfica
_b: (métodos y problemas) /
_cManuel García Miranda.
260 _aCádiz :
_bManuel Alvarez,
_c[1922]
300 _a267 p. ;
_c21 cm.
852 _aES-MaACL
_jB-3073
999 _c70044
_d70044